| 000 | 00416nam a2200145Ia 4500 | ||
|---|---|---|---|
| 008 | 210210b1964 xxu||||| |||| 00| 0 eng d | ||
| 082 | _a547.3 SNEC | ||
| 100 | _aSNELL (Foster Dee) & BIFFEN (Frank M). | ||
| 245 | _aCommercial methods of analysis. | ||
| 260 |
_aBombay _bD B Taraporevala sons _c1964 |
||
| 300 | _aix,753 | ||
| 650 | _aCommercial Methods Analysis | ||
| 690 | _aOrganic Chemistry | ||
| 906 | _aCC00075 | ||
| 999 |
_c109128 _d109128 |
||